000 01348nam0a22002651 4500
001 rc\3497760
005 20250610024547.0
021 _aRU
_b[74-57898]
035 _a(NLR Aleph) 007651660
090 _a6235450
_c6235450
100 _a20130115d1974 |||y0rusy50 ca
101 0 _arus
102 _aRU
105 _ay z |||||
200 1 _aПроизводственные фонды приборостроительных предприятий и пути улучшения их использования
_e(Лекция)
_fЦентр. правл. Науч.-техн. о-ва приборостроит. пром-сти им. акад. С.И. Вавилова. Обществ. ин-т. Заочные курсы повышения квалификации ИТР - экономическое образование трудящихся
210 _aМосква
_c[Обществ. ин-т повышения квалификации ИТР]
_d1974
215 _a25 с.
_d21
320 _aСписок лит.: с. 24 (11 назв.)
606 _aПриборостроительные заводы
_xПроизводственные фонды
_2psbo
700 1 _aБахолдина
_bР.В.
_gРоза Васильевна
801 0 _aRU
_bNLR
_gpsbo
801 1 _aRU
_bELAR
_2rusmarc
852 _aNLR
_j73-6/15181
942 _cBOOK
980 _aNB